000 00383cam a2200169ua 4500
020 _c2.50
041 _ahin
_h
082 _a891.54
_bPRE/VA
100 _aPremchand, .
245 _aVardan /
_cPremchand.
_hTextual Documents
260 _aIlahabad :
_bHans Prakashan ,
_c1962.
300 _a128 ; .
365 _a2.50
504 _a
942 _cBK
999 _c8051
_d8051